| 000 | 01615cam a2200397 a 4500 | ||
|---|---|---|---|
| 001 | 13016263 | ||
| 005 | 20200421093825.0 | ||
| 008 | 021129s1970 enkab 000 0 eng d | ||
| 010 | _a 2002726950 | ||
| 015 | _aGBA2-W7566 | ||
| 020 | _a0192803735 (pbk.) | ||
| 035 | _a(OCoLC)ocm50018077 | ||
| 040 |
_aUKM _cUKM _dDLC |
||
| 041 | 1 |
_aeng _hgle |
|
| 042 | _alccopycat | ||
| 043 | _ae-ie--- | ||
| 050 | 0 | 0 |
_aPB1397.T3 _bE513 1970 |
| 082 | 0 | 0 |
_a891.6/231 _222 |
| 130 | 0 |
_aTáin bó Cúailnge. _lEnglish. _9513 |
|
| 245 | 1 | 4 |
_aThe Táin : _btranslated from the Irish epic Táin Bó Cualinge / _cby Thomas Kinsella ; with brush drawings by Louis le Brocquy. |
| 260 |
_aOxford ; _aNew York : _bOxford University Press, _c1970 _g(2002 printing) |
||
| 300 |
_a282 p. : _bill., map ; _c20 cm. |
||
| 504 | _aIncludes bibliographical references. | ||
| 650 | 0 |
_aEpic literature, Irish _vTranslations into English. _9514 |
|
| 650 | 0 |
_aHeroes _zIreland _xLegends. _9515 |
|
| 650 | 0 |
_aMythology, Celtic _zIreland. _9516 |
|
| 650 | 0 |
_aTales _zIreland. |
|
| 700 | 1 |
_aKinsella, Thomas. _9517 |
|
| 700 | 1 |
_aLe Brocquy, Louis, _d1916-2012. _9518 |
|
| 856 | 4 | 2 |
_3Publisher description _uhttp://www.loc.gov/catdir/enhancements/fy0614/2002726950-d.html |
| 856 | 4 | 1 |
_3Table of contents only _uhttp://www.loc.gov/catdir/enhancements/fy0614/2002726950-t.html |
| 856 | 4 | 2 |
_3Contributor biographical information _uhttp://www.loc.gov/catdir/enhancements/fy0726/2002726950-b.html |
| 906 |
_a7 _bcbc _ccopycat _d2 _encip _f20 _gy-gencatlg |
||
| 942 |
_2ddc _cBK |
||
| 999 |
_c265 _d265 |
||